ভারত-বাংলাদেশ সম্পর্কের চালচিত্র বর্তমান পরিপ্রেক্ষিত / (Record no. 6844)
[ view plain ]
| 000 -LEADER | |
|---|---|
| fixed length control field | 00910nam a2200241 a 4500 |
| 001 - CONTROL NUMBER | |
| JCCL Control Number | 6844 |
| 003 - CONTROL NUMBER IDENTIFIER | |
| JCCL marc code | BD-JhCC |
| 005 - DATE AND TIME OF LATEST TRANSACTION | |
| control field | 20180131095806.0 |
| 008 - FIXED-LENGTH DATA ELEMENTS--GENERAL INFORMATION | |
| fixed length control field | 180131s2011 bg |||| || | 000 0 ben d |
| 035 ## - SYSTEM CONTROL NUMBER | |
| system control number | (BD-JhCC)6844 |
| 040 ## - CATALOGING SOURCE | |
| Original cataloging agency | BD-JhCC |
| Modifying agency | BD-JhCC |
| 041 ## - LANGUAGE CODE | |
| Language code of Book | eng |
| 082 ## - DEWEY DECIMAL CLASSIFICATION NUMBER | |
| Classification number | 954 |
| Author mark and Year | MAM 2011 |
| 100 ## - MAIN ENTRY--PERSONAL NAME | |
| Personal name | মামুন, মুনতাসীর |
| 245 ## - TITLE STATEMENT | |
| Title | ভারত-বাংলাদেশ সম্পর্কের চালচিত্র বর্তমান পরিপ্রেক্ষিত / |
| Statement of responsibility, etc | মুনতাসীর মামুন এবং জয়ন্ত কুমার রায় |
| 260 ## - PUBLICATION, DISTRIBUTION, ETC. (IMPRINT) | |
| Place of publication, distribution, etc | ঢাকা : |
| Name of publisher, distributor, etc | মাওলা ব্রাদার্স, |
| Date of publication, distribution, etc | 2011 |
| 300 ## - PHYSICAL DESCRIPTION | |
| Pagination | 157 p. : |
| Dimensions | 22 cm. |
| 650 ## - SUBJECT ADDED ENTRY--TOPICAL TERM | |
| Topical term or geographic name as entry element | Foreing Relations |
| Geographic subdivision | India |
| 650 ## - SUBJECT ADDED ENTRY--TOPICAL TERM | |
| Geographic subdivision | Bangladesh |
| 700 ## - ADDED ENTRY--PERSONAL NAME | |
| Personal name | রায়, জয়ন্ত কুমার |
| 942 ## - ADDED ENTRY ELEMENTS (KOHA) | |
| Source of classification or shelving scheme | Dewey Decimal Classification |
| Koha item type | Books |
| Source of classification or shelving scheme | Damaged status | Not for loan | Home library | Current library | Shelving location | Date of accession | Total Checkouts | Full call number | Barcode | Date last seen | Copy number | Koha item type |
|---|---|---|---|---|---|---|---|---|---|---|---|---|
| Dewey Decimal Classification | JCC Rouf Library | JCC Rouf Library | General Stacks | 01/31/2018 | 954 MAM 2011 | 9464 | 01/31/2018 | C-1 | Books |